<?xml version="1.0" encoding="UTF-8"?>
<record
    xmlns:xsi="http://www.w3.org/2001/XMLSchema-instance"
    xsi:schemaLocation="http://www.loc.gov/MARC21/slim http://www.loc.gov/standards/marcxml/schema/MARC21slim.xsd"
    xmlns="http://www.loc.gov/MARC21/slim">

  <leader>01349nam2a2200265   4500</leader>
  <controlfield tag="001">RU\NLR\BIBL_A\011878088</controlfield>
  <controlfield tag="005">20250626143127.0</controlfield>
  <datafield tag="035" ind1=" " ind2=" ">
    <subfield code="a">(NLR Aleph) 011878088</subfield>
  </datafield>
  <datafield tag="090" ind1=" " ind2=" ">
    <subfield code="a">12236516</subfield>
    <subfield code="c">12236516</subfield>
  </datafield>
  <datafield tag="100" ind1=" " ind2=" ">
    <subfield code="a">20181130d2018    |||y0rusy50      ca</subfield>
  </datafield>
  <datafield tag="101" ind1="0" ind2=" ">
    <subfield code="a">rus</subfield>
  </datafield>
  <datafield tag="102" ind1=" " ind2=" ">
    <subfield code="a">RU</subfield>
  </datafield>
  <datafield tag="105" ind1=" " ind2=" ">
    <subfield code="a">achbz|||010zy</subfield>
  </datafield>
  <datafield tag="200" ind1="0" ind2=" ">
    <subfield code="a">2018</subfield>
    <subfield code="e">&#x43A; &#x43F;&#x44F;&#x442;&#x438;&#x43B;&#x435;&#x442;&#x438;&#x44E; &#x435;&#x43F;&#x430;&#x440;&#x445;&#x438;&#x438;</subfield>
  </datafield>
  <datafield tag="210" ind1=" " ind2=" ">
    <subfield code="d">2018</subfield>
    <subfield code="a">&#x411;. &#x43C;.</subfield>
  </datafield>
  <datafield tag="215" ind1=" " ind2=" ">
    <subfield code="a">251, [14] &#x441;.</subfield>
    <subfield code="c">&#x438;&#x43B;., &#x446;&#x432;. &#x438;&#x43B;., &#x43F;&#x43E;&#x440;&#x442;&#x440;., &#x43A;&#x430;&#x440;&#x442;., &#x444;&#x430;&#x43A;&#x441;.</subfield>
  </datafield>
  <datafield tag="461" ind1=" " ind2="0">
    <subfield code="1">001RU\NLR\BIBL_A\011881051</subfield>
    <subfield code="1">2001#$a&#x422;&#x438;&#x445;&#x432;&#x438;&#x43D;&#x441;&#x43A;&#x430;&#x44F; &#x435;&#x43F;&#x430;&#x440;&#x445;&#x438;&#x44F; &#x43F;&#x44F;&#x442;&#x438;&#x43B;&#x435;&#x442;&#x438;&#x44E; &#x435;&#x43F;&#x430;&#x440;&#x445;&#x438;&#x438;$e&#x43A;&#x430;&#x43B;&#x435;&#x43D;&#x434;&#x430;&#x440;&#x44C;-&#x441;&#x43F;&#x440;&#x430;&#x432;&#x43E;&#x447;&#x43D;&#x438;&#x43A;$f&#x41C;&#x43E;&#x441;&#x43A;&#x43E;&#x432;&#x441;&#x43A;&#x438;&#x439; &#x43F;&#x430;&#x442;&#x440;&#x438;&#x430;&#x440;&#x445;&#x430;&#x442;$g[&#x433;&#x43B;&#x430;&#x432;&#x43D;&#x44B;&#x439; &#x440;&#x435;&#x434;&#x430;&#x43A;&#x442;&#x43E;&#x440;: &#x435;&#x43F;&#x438;&#x441;&#x43A;&#x43E;&#x43F; &#x41C;&#x441;&#x442;&#x438;&#x441;&#x43B;&#x430;&#x432;]$v2018</subfield>
    <subfield code="9">12249217</subfield>
    <subfield code="a">&#x422;&#x438;&#x445;&#x432;&#x438;&#x43D;&#x441;&#x43A;&#x430;&#x44F; &#x435;&#x43F;&#x430;&#x440;&#x445;&#x438;&#x44F;</subfield>
    <subfield code="c">&#x422;&#x438;&#x445;&#x432;&#x438;&#x43D;</subfield>
    <subfield code="d">2018</subfield>
    <subfield code="f">&#x41C;&#x43E;&#x441;&#x43A;&#x43E;&#x432;&#x441;&#x43A;&#x438;&#x439; &#x43F;&#x430;&#x442;&#x440;&#x438;&#x430;&#x440;&#x445;&#x430;&#x442;</subfield>
    <subfield code="n">&#x422;&#x43E;&#x440;&#x433;&#x43E;&#x432;&#x44B;&#x439; &#x434;&#x43E;&#x43C; "&#x41C;&#x435;&#x434;&#x43D;&#x44B;&#x439; &#x432;&#x441;&#x430;&#x434;&#x43D;&#x438;&#x43A;"</subfield>
    <subfield code="o">&#x43A;&#x430;&#x43B;&#x435;&#x43D;&#x434;&#x430;&#x440;&#x44C;-&#x441;&#x43F;&#x440;&#x430;&#x432;&#x43E;&#x447;&#x43D;&#x438;&#x43A;</subfield>
    <subfield code="t">&#x422;&#x438;&#x445;&#x432;&#x438;&#x43D;&#x441;&#x43A;&#x430;&#x44F; &#x435;&#x43F;&#x430;&#x440;&#x445;&#x438;&#x44F; &#x43F;&#x44F;&#x442;&#x438;&#x43B;&#x435;&#x442;&#x438;&#x44E; &#x435;&#x43F;&#x430;&#x440;&#x445;&#x438;&#x438;</subfield>
    <subfield code="v">2018</subfield>
  </datafield>
  <datafield tag="606" ind1="1" ind2=" ">
    <subfield code="a">&#x41C;&#x43E;&#x43D;&#x430;&#x441;&#x442;&#x44B;&#x440;&#x438;</subfield>
    <subfield code="y">&#x41B;&#x435;&#x43D;&#x438;&#x43D;&#x433;&#x440;&#x430;&#x434;&#x441;&#x43A;&#x430;&#x44F; &#x43E;&#x431;&#x43B;&#x430;&#x441;&#x442;&#x44C;</subfield>
    <subfield code="9">2331599</subfield>
    <subfield code="3">RU\NLR\AUTH\6601618403</subfield>
  </datafield>
  <datafield tag="686" ind1="2" ind2=" ">
    <subfield code="a">&#x42D;372.24-647.2</subfield>
  </datafield>
  <datafield tag="942" ind1=" " ind2=" ">
    <subfield code="c">BOOK</subfield>
  </datafield>
  <datafield tag="980" ind1=" " ind2=" ">
    <subfield code="a">NBR</subfield>
  </datafield>
  <datafield tag="980" ind1=" " ind2=" ">
    <subfield code="a">NB</subfield>
  </datafield>
  <datafield tag="995" ind1=" " ind2=" ">
    <subfield code="5">2018-11-30</subfield>
    <subfield code="a">ab</subfield>
    <subfield code="b">NLR01</subfield>
    <subfield code="c">NLR01</subfield>
    <subfield code="e">RF31</subfield>
    <subfield code="f">1-2546387</subfield>
    <subfield code="k">2018-9/431</subfield>
    <subfield code="o">0</subfield>
    <subfield code="p">700.00</subfield>
    <subfield code="r">BOOK</subfield>
    <subfield code="s">20189431_</subfield>
  </datafield>
</record>
